00596nam a2200193Ia 4500008004100000020001400041082001700055100001900072245003000091250000800121260003900129300002800168500001900196600002700215650001500242942000700257952012300264999001500387240925s9999 xx 000 0 und d a195116909 a621.3815 SED aSedra, Adel S. 0aMicroelectronic Circuits  a4th aOxford:bOxford Universityc,1998. axii,860p.bNAfOriginal aIncludes Index aElectronic Engineering aTechnology cBK 001040708ELaUITUbUITUd2002-01-11eBook Netg1100.00l0o621.3815 SEDpQ4182r2024-09-25 07:13:25w2024-09-25yBK c6681d6681